000
00320nam a2200133Ia 4500
008
231017s9999 xx 000 0 und d
082
_a
624.212
082
_b
WIL
245
0
_a
NCHRP Report 519
245
0
_c
Transportation Research Board
260
_b
Transportation Research Board
300
_c
30cm
942
_c
REP
999
_c
605696
_d
605696